El ron en la historia dominicana : (Registro nro. 44286)
[ vista simple ]
| 000 -CABECERA | |
|---|---|
| campo de control de longitud fija | 01026nam a2200253 a 4500 |
| 001 - NÚMERO DE CONTROL | |
| campo de control | 000044797 |
| 005 - FECHA Y HORA DE LA ÚLTIMA TRANSACCIÓN | |
| campo de control | 20240229073944.0 |
| 008 - DATOS DE LONGITUD FIJA--INFORMACIÓN GENERAL | |
| campo de control de longitud fija | 110823s2014 dr ac 000 0 spa d |
| 020 ## - NÚMERO INTERNACIONAL ESTÁNDAR DEL LIBRO | |
| Número Internacional Estándar del Libro | 9789993467830 |
| 040 ## - FUENTE DE LA CATALOGACIÓN | |
| Centro catalogador/agencia de origen | DO-SdBNP |
| Lengua de catalogación | spa |
| Centro/agencia transcriptor | BNPHU |
| 082 ## - NÚMERO DE LA CLASIFICACIÓN DECIMAL DEWEY | |
| Número de clasificación | 338.4766359097293 |
| Número de documento/Ítem | C531r |
| 100 1# - ENTRADA PRINCIPAL--NOMBRE DE PERSONA | |
| Nombre de persona | Chez Checo, José, |
| Fechas asociadas al nombre | 1949- |
| 9 (RLIN) | 10145 |
| 245 13 - MENCIÓN DE TÍTULO | |
| Título | El ron en la historia dominicana : |
| Resto del título | siglos XX y XXI / |
| Mención de responsabilidad, etc. | José Chez Checo. |
| 260 ## - PUBLICACIÓN, DISTRIBUCIÓN, ETC. | |
| Lugar de publicación, distribución, etc. | Sansto Domingo : |
| Nombre del editor, distribuidor, etc. | Búho, |
| Fecha de publicación, distribución, etc. | 2014. |
| 300 ## - DESCRIPCIÓN FÍSICA | |
| Extensión | 2v. : |
| Otras características físicas | il., retrs. ; |
| Dimensiones | 26 cm. |
| 500 ## - NOTA GENERAL | |
| Nota general | Incluye referencias bibliográficas y notas al pie de las páginas |
| 500 ## - NOTA GENERAL | |
| Nota general | La biblioteca posee el v.2 |
| 505 0# - NOTA DE CONTENIDO CON FORMATO | |
| Información miscelánea | v.1. |
| Título | Desde los antecedentes hasta finales del siglo XX |
| Información miscelánea | v.2. |
| Título | Siglos XX y XXI. |
| 590 ## - NOTA LOCAL (RLIN) | |
| Nota local | Inventariado, 2019/MFF |
| 650 #4 - PUNTO DE ACCESO ADICIONAL DE MATERIA--TÉRMINO DE MATERIA | |
| Término de materia o nombre geográfico como elemento de entrada | Ron |
| Subdivisión geográfica | República Dominicana |
| Subdivisión cronológica | SIGLO XX |
| 9 (RLIN) | 58861 |
| 650 #4 - PUNTO DE ACCESO ADICIONAL DE MATERIA--TÉRMINO DE MATERIA | |
| Término de materia o nombre geográfico como elemento de entrada | Ron |
| Subdivisión geográfica | República Dominicana |
| Subdivisión cronológica | SIGLO XXI |
| 9 (RLIN) | 58862 |
| 650 #4 - PUNTO DE ACCESO ADICIONAL DE MATERIA--TÉRMINO DE MATERIA | |
| Término de materia o nombre geográfico como elemento de entrada | Industria azucarera |
| Subdivisión general | Productos derivados |
| Subdivisión geográfica | República Dominicana |
| Subdivisión general | Historia |
| 9 (RLIN) | 58863 |
| 910 ## - DATOS DE OPCIÓN DEL USUARIO (OCLC) | |
| Datos de opción del usuario | Validado. Control de calidad MFF |
| Estado de retiro | Estado de pérdida | No para préstamo | Código de colección | Localización permanente | Ubicación/localización actual | Ubicación en estantería | Fecha de adquisición | Número de inventario | Total de préstamos | Signatura topográfica completa | Código de barras | Fecha visto por última vez | Precio válido a partir de | Tipo de ítem Koha |
|---|---|---|---|---|---|---|---|---|---|---|---|---|---|---|
| Excluido de préstamo | Patrimonio Dominicano | General | General | Depósito | 12.01.2015 | LF1 | t. 2, e. 5 | 44797-50 | 25.06.2020 | 25.06.2020 | Libro y Folleto Colección Patrimonio Dominicano | |||
| Excluido de préstamo | Patrimonio Dominicano | Patrimonio Dominicano | Patrimonio Dominicano | Depósito | 12.01.2015 | LF1 | 338.4766359097293 C531r | t. 2 | 44797-10 | 25.06.2020 | 25.06.2020 | Libro y Folleto Colección Patrimonio Dominicano | |||
| Excluido de préstamo | Patrimonio Dominicano | Patrimonio Dominicano | Patrimonio Dominicano | Depósito | 12.01.2015 | LF1 | 338.4766359097293 C531r | t. 2, e. 2 | 44797-20 | 25.06.2020 | 25.06.2020 | Libro y Folleto Colección Patrimonio Dominicano | |||
| Excluido de préstamo | Patrimonio Dominicano | Patrimonio Dominicano | Patrimonio Dominicano | Depósito | 12.01.2015 | LF1 | 338.4766359097293 C531r | t. 2, e. 3 | 44797-30 | 25.06.2020 | 25.06.2020 | Libro y Folleto Colección Patrimonio Dominicano | |||
| Excluido de préstamo | Patrimonio Dominicano | Patrimonio Dominicano | Patrimonio Dominicano | Depósito | 12.01.2015 | LF1 | 338.4766359097293 C531r | t. 2, e. 4 | 44797-40 | 25.06.2020 | 25.06.2020 | Libro y Folleto Colección Patrimonio Dominicano |
